Największe miasta Polski bez klubu w III lidze - Statystyki

Ogólne statystyki
  • Ten quiz został rozwiązany 13 razy
  • Średni wynik to 6 z 10
Statystyki odpowiedzi
L. Mieszkańców Miasto % Poprawnych
170000 Olsztyn
83%
130000 Rybnik
75%
100000 Tarnów
75%
130000 Ruda Śląska
67%
100000 Włocławek
67%
86000 Jaworzno
58%
110000 Koszalin
58%
100000 Wałbrzych
58%
85000 Słupsk
50%
71000 Mysłowice
42%
Nie znaleziono quizów pasujących do podanych kryteriów
Rozkład punktacji
Procent ludzi z każdym wynikiem
Percentyl według liczby udzielonych odpowiedzi
Twoja historia wyników
Nie rozwiązałeś tego quizu